000 00192 a2200097 4500
001 1498
100 _aAustin, J.B
245 _aElectric welding
260 _a
_bATS
_c1956
090 _c1040
_d1040
942 _aNUST-CAE
_cM
_c448
999 _c236571
_d236571